|
|
|
|
| LEADER |
00701nab a2200205 i 4500 |
| 001 |
acta19438 |
| 005 |
20251008145803.0 |
| 008 |
161015s1944 hu o 000 hun d |
| 040 |
|
|
|a SZTE Egyetemi Kiadványok Repozitórium
|b hun
|
| 041 |
|
|
|a hun
|
| 100 |
1 |
|
|a Maklári Lajos
|
| 245 |
1 |
0 |
|a Zene
|h [elektronikus dokumentum] /
|c Maklári Lajos
|
| 260 |
|
|
|c 1944
|
| 300 |
|
|
|a 287-288
|
| 490 |
0 |
|
|a Délvidéki szemle
|v 3
|
| 650 |
|
4 |
|a Bölcsészettudományok
|
| 650 |
|
4 |
|a Művészetek (művészetek, művészettörténet, előadóművészetek, zene)
|
| 695 |
|
|
|a Zenetörténet
|
| 700 |
0 |
1 |
|a Fricsay Ferenc
|e aut
|
| 856 |
4 |
0 |
|u http://acta.bibl.u-szeged.hu/19438/1/delvideki_szemle_003_287-288.pdf
|z Dokumentum-elérés
|